MDQL
is popping MORE tags! Check the
thread
!
Quizzes
Events
Quiz Creation
Community
Videos
Private Events
Remove Ads
Sign In
Join for FREE
Feedback
Dark Mode
Quiz Categories
Sports
Geography
Music
Movies
Television
Just For Fun
Miscellaneous
History
Literature
Language
Science
Gaming
Entertainment
Religion
Holiday
For Kids
Quiz Lab
Recent
Popular Today
Quiz Kudos Today
Editor Picks
Curator Picks
Quizzes by...
Day
Popularity
Type
Ratings
Length
Year
Community
Subscriptions
Recent Discussions
Orange Saloon
Badges
Playlists
Quests
Create
Leaderboards
Showdown
Live 5
Trivia Bingo
Activity
Puzzle Library
Sporcle Events
Private Events
Virtual Trivia
Globe League
Become a Host
Pub Owners
SporcleCon
Opinionation
Our Games
Videos
Blog
Mobile Apps
Partnerships
Remove Ads and Go Orange
Feedback
Geography
Country
Landmarks
City
State
Population
World
Capital
Continent
Flags
Europe
Africa
Asia
South America
North America
Oceania
Border
Canada
United Kingdom
Topography
United States
Geography
Country
Landmarks
City
State
Population
World
Capital
Continent
Flags
Europe
Africa
Asia
South America
North America
Oceania
Border
Canada
United Kingdom
Topography
United States
Random Quiz
Search Sporcle
×
Quiz Lab
Quiz Lab
Geography
North Carolina
Type in answers that appear in a list
Type in answers that appear in a list
Classic
Best Score? Go Orange.
Interstate Highways - Carolinas (updated 2022) Stats
Can you name the Interstate Highways that run through North Carolina and South Carolina?
By
darkgreen_orange
2m
29 Questions
866 Plays
866 Plays
866 Plays
Comments
Comments
Give Quiz Kudos
Give Quiz Kudos
-
- Ratings
hide this ad
Replay
Link that replays current quiz
Next Quiz
Link to next quiz in quiz playlist
You Got
0%
They Got
Avg Score
70%
Avg Friend Score
Upgrade to see
Score Distribution
Jump to the score distribution portion of the page
Score
0/29
Timer
02:00
0
Plays Today
% Correct
85
96.2%
85
96.2%
95
95.4%
95
95.4%
40
94.2%
77
93.5%
77
93.5%
26
92.4%
26
92.4%
20
84.1%
74
83.4%
485
77.3%
73
76.1%
440
75.8%
87
75.2%
% Correct
240
72.1%
385
71.6%
277
71.1%
540
70.7%
295
70.4%
140
68%
585
67.5%
185
66.5%
126
59.8%
285
59.7%
840
56.8%
795
54.5%
526
54.4%
520
52.8%
Quiz Playlist
Details
Report
Send in Message
Add To Playlist
Classic:
Type in answers that appear in a list
Last Updated: Feb 17, 2022
Quiz Scoreboard
CHALLENGE
Sign Up to Join the Scoreboard
Show All
Scores
Hide
Comments
May contain spoilers
Recently Published
Holiday 10x10 Sorting Gallery
by lukepisani3
Holiday
15m
Two Season TV Shows II
by 123Four
Television
10m
Image Sorting: Flags VI
by Barbecue
Geography
2m
More to Explore
Quiz From the Vault
Featured Blog Post
14 Easter Pick-up Lines to Find Eggs With
hide this ad
You Might Also Like...
Tags
carolina
Expressway
Freeway
Highway
Interstate Highway
North Carolina
road
Roadway
run
South Carolina
Today's Top Quizzes in Geography
Browse Geography
hide this ad
Today's Top Quizzes in North Carolina
Browse North Carolina
Top Contributed Quizzes in Geography
1
Colored Red Europe Blitz I
2
Countries of the World - No Outlines Minefield
3
Colored Red Africa Blitz II
4
Colored Red Europe Blitz II
5
Colored Red Europe Blitz III
6
Colored Red Africa Blitz III
7
Colored Red States Blitz I
8
A Different View: World Oceans
9
Colored Red States Blitz II
10
Colored Red States Blitz III
Explore More
Trending Topics
Marvel
Kpop
Anime
Disney
Crossword
Harry Potter
NBA
NFL
Pokémon
Puzzle
WWE
Song
The Office
Soccer
Country
hide this ad
More By:
darkgreen_orange
Quiz
Plays
Rating
Category
Featured
Created
Parts of a Golf Course
102,570
4.44
Sports
Feb 26, 2015
Which Is Larger?
82,247
4.45
Geography
Nov 13, 2013
Russian Alphabet (Picture Click)
51,674
4.90
Language
Jan 22, 2018
People's Republics
12,349
4.66
Geography
Jan 20, 2012
Puerto Rico Municipalities (counties) (map quiz)
7,359
5.00
Geography
Dec 20, 2014
Go to Creator's Profile
Score Distribution
Quiz Creator Spotlight
darkgreen_orange
Follow
Send a Message
Quizzes Created
-
Created Quiz Play Count
-
More By This Creator
Popular Quizzes Today
1
Find the US States - No Outlines Minefield
2
Colored Red Africa Blitz
3
Find the 'City' Movie
4
The Countries of the World
5
5x2 Blitz: Bands
6
Find the Countries of Europe - No Outlines Minefield
7
Find the US States
8
US States
More Geography Quizzes
Brazil's 300 Biggest Cities (IBGE)
Quiz Lab
Trending Quizzes
Colored Red Europe Blitz I
Colored Red Europe Blitz II
Colored Red Africa Blitz II
Even More Two Season TV Shows
Colored Red Africa Blitz III
Recently Updated
Odd Team Out - Big 4 Players
pecheneg
Quick Pick: 20 Twenties
pecheneg
March Madness Men's Triple Doubles
pecheneg
How Do You Spell That?
pecheneg
Godzilla Movies
pecheneg
Grab Bag: 4-10 Letters
pecheneg
2024 March Madness Bracket
pecheneg
Famous TV Couples
Peacemaker
Champions League XIs: Real Madrid
pecheneg
Largest US Cities 1790-2010
pecheneg
Trending Topics
NBA
Anime
Kpop
Harry Potter
Disney
Crossword
Marvel
Soccer
Country
Song
WWE
Puzzle
NFL
Pokémon
The Office
Your Account Isn't Verified!
In order to create a playlist on Sporcle, you need to verify the email address you used during registration. Go to your
Sporcle Settings
to finish the process.
Report this User
Report this user for behavior that violates our
Community Guidelines
.
Details:
Send Report
Go to the Sporcle.com Mobile Site →
Comments